Grupos de presión y partidos políticos ante un problema nacional: la convocatoria a una asamblea constituyente
Gespeichert in:
| 1. Verfasser: | |
|---|---|
| Format: | Text |
| Veröffentlicht: |
San José:
Universidad de Costa Rica
|
| Tags: |
Tag hinzufügen
Keine Tags, Fügen Sie den ersten Tag hinzu!
|
MARC
| LEADER | 00000 a a2200000 04500 | ||
|---|---|---|---|
| 001 | 20411 | ||
| 003 | |||
| 040 | |||
| 090 | |a 085300 | ||
| 100 | |a Baruch, Bernardo | ||
| 245 | |a Grupos de presión y partidos políticos ante un problema nacional: la convocatoria a una asamblea constituyente | ||
| 260 | |a San José: |b Universidad de Costa Rica | ||
| 300 | |a 52 p. | ||
| 999 | |c 5144 |d 5144 | ||
